000 00346nam a2200145Ia 4500
005 20251222154409.0
008 251222s9999||||xx |||||||||||||| ||spa||
020 _a9786124030086
082 _a210/G51
100 _aGiussani, Luigi
245 0 _aLos Orígenes de la Pretensión Cristiana
250 _a1ra.ed.
264 _bUCSS
942 _cLIB
999 _c35602
_d35602